| 000 | 00788nam a2200241 4500 | ||
|---|---|---|---|
| 999 |
_c3759 _d3759 |
||
| 001 | 19394 | ||
| 003 | BD-DhUAP | ||
| 005 | 20210130161519.0 | ||
| 008 | 200311r20101996nyu||||| b||| 001 0 eng d | ||
| 020 | _a9780393963359 | ||
| 040 |
_aBD-DhUAP _bEng _cBD-DhUAP _dBD-DhUAP |
||
| 082 |
_223 _a823.912 CON |
||
| 100 | _aConrad, Joseph. | ||
| 245 |
_aLord Jim : _bauthoritative text, backgrounds, sources, criticism / _cJoseph Conrad ; edited by Thomas C. Moser. |
||
| 250 | _a2nd ed. | ||
| 260 |
_aNew York : _bNorton & company, _cc1996 [Reprinted 2010]. |
||
| 300 |
_axiv, 506 pages ; _c22 cm. |
||
| 504 | _aIncludes bibliographies and index. | ||
| 650 |
_aMerchant marine--Officers _vfiction. |
||
| 650 |
_aBritish _xFiction _zIndonesia. |
||
| 700 | _aMoser, Thomas C. | ||
| 942 |
_2ddc _cBK |
||